Не плачь, ястреб: повести и рассказы

Dades bibliogràfiques
Autor principal: Суворов Е. А. Евгений Адамович
Altres autors: Антипьев Н. (автор послесловия)
Sumari:Исключено из фонда НТБ ТПУ
Idioma:rus
Publicat: Иркутск, Восточно-Сибирское кн. изд-во, 1982
Col·lecció:Современная сибирская повесть
Format: Llibre
KOHA link:https://koha.lib.tpu.ru/cgi-bin/koha/opac-detail.pl?biblionumber=150220

MARC

LEADER 00000nam0a2200000 4500
001 150220
005 20231031150129.0
020 |a RU  |b 82-39737 
035 |a (RuTPU)RU\TPU\book\162854 
090 |a 150220 
100 |a 20081229d1982 m y0rusy5003 ca 
101 0 |a rus 
102 |a RU 
105 |a y z 000ay 
200 1 |a Не плачь, ястреб  |e повести и рассказы  |f Е. А. Суворов  |g авт. послесл. Н. Антипьев 
210 |a Иркутск  |c Восточно-Сибирское кн. изд-во  |d 1982 
215 |a 320 с.  |d 21 см. 
225 1 |a Современная сибирская повесть 
333 |a Исключено из фонда НТБ ТПУ 
675 |a Р2  |z rus 
700 1 |a Суворов  |b Е. А.  |g Евгений Адамович  |4 070 
702 1 |a Антипьев  |b Н.  |4 075 
801 0 |a RU  |b RuMRKP  |c 19950704  |g psbo 
801 1 |a RU  |b 63413507  |c 20081229  |g PSBO 
801 2 |a RU  |b 63413507  |c 20210422  |g PSBO 
942 |c BK